Fr. Conceicao Rodrigues College of Engineering

Linux Unleashed (Record no. 21477)

MARC details
000 -LEADER
fixed length control field 00304nam a2200157Ia 4500
082 ## - DEWEY DECIMAL CLASSIFICATION NUMBER
Classification number 005.133(W)HUS
100 ## - MAIN ENTRY--PERSONAL NAME
Personal name Husain Kamran
250 ## - EDITION STATEMENT
Edition statement 2
245 ## - TITLE STATEMENT
Title Linux Unleashed
260 ## - PUBLICATION, DISTRIBUTION, ETC.
Name of publisher, distributor, etc. Techmedia
Date of publication, distribution, etc. 1998
300 ## - PHYSICAL DESCRIPTION
Extent 1176
546 ## - LANGUAGE NOTE
Language note ENGLISH
654 ## - SUBJECT ADDED ENTRY--FACETED TOPICAL TERMS
Focus term linux
942 ## - ADDED ENTRY ELEMENTS (KOHA)
Koha item type BOOK
Holdings
Withdrawn status Lost status Damaged status Not for loan Collection Home library Current library Date acquired Total Checkouts Full call number Barcode Date last seen Price effective from Koha item type Date last checked out
        CRC Fr. Agnel's C.Rodrigues College of Engineering Fr. Agnel's C.Rodrigues College of Engineering 17/03/2023   005.133(W)HUS 10766 17/03/2023 17/03/2023 BOOK  
        CRC Fr. Agnel's C.Rodrigues College of Engineering Fr. Agnel's C.Rodrigues College of Engineering 17/03/2023 1 005.133(L)HUS 10767 24/04/2025 17/03/2023 BOOK 24/04/2025
        CRC Fr. Agnel's C.Rodrigues College of Engineering Fr. Agnel's C.Rodrigues College of Engineering 17/03/2023   005.133(L)HUS 10768 17/03/2023 17/03/2023 BOOK